000 00239nam a22001217a 4500
040 _cSK
082 _a338
100 _aFELICIANO R.
245 _aAgricultural economics
260 _aPHILIPINES
_bFEL
_c1999
300 _a308p.
942 _cEK
999 _c9631
_d9631